000 00715nam a2200217Ii 4500
003 JO-AjNU
008 230605s9999||||xx |||||||||||||| ||und||
017 _a1991/8/452
040 _aJO-AjNU
_bara
_erda
_cJO-AjNU
041 _aara
050 1 4 _aBP145.M8752 1991
100 3 _aشكري، مراد,
_eauthor
_950151
245 0 0 _aتحقيق الوصول الى علم الأصول : شرح المحققة النونية
250 _aط1
264 3 1 _aعمان: دار الحسن للنشر والتوزيع، 1991
300 _a110ص
336 _atext
_btxt
_2rdacontent
337 _aunmediated
_bn
_2rdamedia
338 _avolume
_bnc
_2rdacarrier
650 4 _aاصول الفقه الاسلامي
_950152
999 _aA22074
_c25642
_d25642